000 00515nam a2200181Ia 4500
005 20250326125130.0
008 250326s9999 xx 000 0 und d
037 _aTextbook
040 _aFMSL
_beng
_cFMSL
041 _aeng
_2eng
084 _aX:9.1 M2
_qFMSL
100 _aMirza M A
_9738531
245 0 _aWorkers' participation in management in India and abroad
_cMirza M A
260 _aAligarh
_bAligarh, Pritwell
_c1982
300 _a148p
942 _cTB
_hX:9.1 M2
999 _c1276680
_d1276680